00368nam a2200109Ia 4500008004100000100002300041245005500064260004600119300001100165650001300176856006900189160712s9999 xx 000 0 und d aLopez, Salvador P. cSalvador P. LopezaAng Patakarang Bilinggwal sa UP c2015bDaluyan: Journal ng Wikang Filipino a no. 1 xFILIPINO uhttp://journals.upd.edu.ph/index.php/djwf/issue/view/529/showToc